Geography Quiz

Random Geography or City Quiz

Cities of Canada Quiz Stats

 Plays Quiz Updated Oct 19, 2018

Score 0/39 Timer 06:00
1 Play Today
Province City % Correct
OntarioToronto
94.8%
British ColumbiaVancouver
93.4%
QuebecMontreal
89.6%
AlbertaCalgary
85.1%
QuebecQuebec City
83.5%
OntarioOttawa
82.9%
AlbertaEdmonton
82.1%
ManitobaWinnipeg
74.6%
Nova ScotiaHalifax
67.2%
SaskatchewanRegina
62.1%
New BrunswickSaint John
60.6%
SaskatchewanSaskatoon
60.5%
Northwest TerritoriesYellowknife
60.1%
YukonWhitehorse
52.9%
Newfoundland|LabradorSt John's
52.3%
Prince Edward IslandCharlottetown
48%
New BrunswickFredericton
38.9%
NunavutIqaluit
34.8%
AlbertaRed Deer
30.1%
New BrunswickMoncton
28.9%
Province City % Correct
OntarioMississauga
26.4%
ManitobaBrandon
23.2%
British ColumbiaSurrey
22.9%
QuebecLaval
19%
British ColumbiaBurnaby
18.2%
YukonDawson
15.6%
Nova ScotiaCape Breton
14.4%
Prince Edward IslandSummerside
12.8%
SaskatchewanPrince Albert
11%
ManitobaSteinbach
6.6%
Northwest TerritoriesInuvik
6.5%
Nova ScotiaTruro
6.4%
Newfoundland|LabradorMount Pearl
5.3%
Northwest TerritoriesHay River
5.1%
NunavutRankin Inlet
4.5%
Newfoundland|LabradorConception Bay South
4.4%
Prince Edward IslandStratford
3.6%
YukonWatson Lake
3.2%
NunavutArviat
2.8%

You're not logged in!

Compare scores with friends on all Sporcle quizzes.
OR
Log In

Sporcle TV

Today on Sporcle TV


Watch our educational content, quiz creation guides, and fun videos on Sporcle TV.

Show Comments

Extras

Top Quizzes Today


Score Distribution

Your Account Isn't Verified!

In order to create a playlist on Sporcle, you need to verify the email address you used during registration. Go to your Sporcle Settings to finish the process.

Report this User

Report this user for behavior that violates our Community Guidelines.

Details: